000 01196nam0a22002531 4500
001 rc\2588090
005 20250623122459.0
035 _a(NLR Aleph) 006752436
090 _a5758678
_c5758678
100 _a20110914d1929 |||y0rusy50 ca
101 0 _arus
102 _aRU
105 _ay z |||||
200 1 _aКого и как готовит Тимирязевская сельскохозяйственная академия
_fН. Соколов
_gСел.-хоз. акад. им. К. А. Тимирязева
210 _aМосква
_cкооп. изд-во студенчества Сел.-хоз. акад. им. Тимирязева "Новый агроном"
_d1929
_gтип. изд-ва "Крестьянская газета"
215 _a32 с.
_d17х13 см.
700 1 _aСоколов
_bН. С.
_cспециалист в обл. земледелия
_f1897-1963
_gНиколай Сергеевич
_9219531
_3RU\NLR\AUTH\770219587
712 0 2 _aСельскохозяйственная акад. им. К. А. Тимирязева (Москва)
801 0 _aRU
_bNLR
_gpsbo
801 1 _aRU
_bELAR
_2rusmarc
852 _aNLR
_j83/130
942 _cBOOK
980 _aNB